<?xml version="1.0" encoding="UTF-8"?>
<record
    xmlns:xsi="http://www.w3.org/2001/XMLSchema-instance"
    xsi:schemaLocation="http://www.loc.gov/MARC21/slim http://www.loc.gov/standards/marcxml/schema/MARC21slim.xsd"
    xmlns="http://www.loc.gov/MARC21/slim">

  <leader>02733nam a2200361 a 4500</leader>
  <controlfield tag="001">000113125</controlfield>
  <controlfield tag="003">CHAP</controlfield>
  <controlfield tag="005">20260303114254.0</controlfield>
  <controlfield tag="008">170426s2016    mx a   fsm   |||||||spa d</controlfield>
  <datafield tag="040" ind1=" " ind2=" ">
    <subfield code="c">CHAP</subfield>
  </datafield>
  <datafield tag="090" ind1=" " ind2=" ">
    <subfield code="a">Tesis</subfield>
  </datafield>
  <datafield tag="100" ind1="1" ind2=" ">
    <subfield code="a">Nu&#xF1;ez Terrones, Elvira</subfield>
    <subfield code="9">132040</subfield>
  </datafield>
  <datafield tag="245" ind1="1" ind2="0">
    <subfield code="a">Dos visiones del territorio :</subfield>
    <subfield code="b">implicaciones de la reforma eneg&#xE9;tica de 2013 en el Remolino, Veracruz /</subfield>
    <subfield code="c">por Elvira Nu&#xF1;ez Terrones.</subfield>
  </datafield>
  <datafield tag="264" ind1=" " ind2=" ">
    <subfield code="a">Chapingo, M&#xE9;x. :</subfield>
    <subfield code="b">El autor,</subfield>
    <subfield code="c">2016.</subfield>
  </datafield>
  <datafield tag="300" ind1=" " ind2=" ">
    <subfield code="a">1 recurso en l&#xED;nea (172 p&#xE1;ginas).</subfield>
  </datafield>
  <datafield tag="336" ind1=" " ind2=" ">
    <subfield code="2">rdacontent</subfield>
    <subfield code="a">texto</subfield>
    <subfield code="b">txt</subfield>
  </datafield>
  <datafield tag="337" ind1=" " ind2=" ">
    <subfield code="2">rdamedia</subfield>
    <subfield code="a">computadora</subfield>
    <subfield code="b">c</subfield>
  </datafield>
  <datafield tag="338" ind1=" " ind2=" ">
    <subfield code="2">rdacarrier</subfield>
    <subfield code="a">recurso en l&#xED;nea</subfield>
    <subfield code="b">cr</subfield>
  </datafield>
  <datafield tag="502" ind1=" " ind2=" ">
    <subfield code="b">MCSR</subfield>
    <subfield code="c">Sociolog&#xED;a</subfield>
    <subfield code="d">2016.</subfield>
  </datafield>
  <datafield tag="520" ind1=" " ind2=" ">
    <subfield code="a">El 20 de diciembre de 2013, fue promulgada la denominada reforma energ&#xE9;tica, mediante la cual se modific&#xF3; profundamente el art&#xED;culo 27 constitucional, estas adecuaciones legales se complementaron con la posterior publicaci&#xF3;n del paquete de Leyes reglamentarias de la reforma energ&#xE9;tica en 2014, entre las que destaca la Ley de Hidrocarburos, por su injerencia sobre la propiedad de n&#xFA;cleos agrarios y propiedad privada. Estas adaptaciones jur&#xED;dicas notoriamente muestran la perspectiva materialista desde la cual el capital y el Estado visualizan al territorio como simple fuente de recursos, y retrata los procesos mediante los cuales se construyen los mecanismos de dominaci&#xF3;n territorial, en este caso, a trav&#xE9;s de las contrarreformas agrarias. La presente investigaci&#xF3;n tiene como objetivo general analizar las implicaciones jur&#xED;dicas y socio territoriales de la reforma del 20 de diciembre de 2013 al art&#xED;culo 27 constitucional, con respecto a la explotaci&#xF3;n de hidrocarburos en M&#xE9;xico, a trav&#xE9;s de la interpretaci&#xF3;n de un estudio de caso, identificando a esta &#xFA;ltima forma como una nueva etapa de contrarreforma agraria en M&#xE9;xico. Visibilizando que el virtual reacomodo territorial que propiciar&#xE1; la ejecuci&#xF3;n de estos megaproyectos de hidrocarburos tambi&#xE9;n potencializar&#xE1; la fractura del tejido social de cientos de pueblos, comunidades ind&#xED;genas y campesinas que ver&#xE1;n afectados sus territorios con tales proyectos. </subfield>
  </datafield>
  <datafield tag="590" ind1=" " ind2=" ">
    <subfield code="a">BATCH-UPD</subfield>
    <subfield code="b">05</subfield>
    <subfield code="c">20170426</subfield>
  </datafield>
  <datafield tag="590" ind1=" " ind2=" ">
    <subfield code="a">E11695DGD</subfield>
    <subfield code="b">10</subfield>
    <subfield code="c">20170427</subfield>
  </datafield>
  <datafield tag="590" ind1=" " ind2=" ">
    <subfield code="a">E8697GMM</subfield>
    <subfield code="b">05</subfield>
    <subfield code="c">20170426</subfield>
  </datafield>
  <datafield tag="590" ind1=" " ind2=" ">
    <subfield code="a">E8697GMM</subfield>
    <subfield code="b">05</subfield>
    <subfield code="c">20170426</subfield>
  </datafield>
  <datafield tag="650" ind1="1" ind2="4">
    <subfield code="a">Hidrocarburos</subfield>
    <subfield code="x">Leyes y legislaci&#xF3;n.</subfield>
    <subfield code="9">132041</subfield>
  </datafield>
  <datafield tag="650" ind1="1" ind2="4">
    <subfield code="a">Reforma energ&#xE9;tica</subfield>
    <subfield code="x">Aspectos econ&#xF3;micos</subfield>
    <subfield code="z">Veracruz.</subfield>
    <subfield code="9">132042</subfield>
  </datafield>
  <datafield tag="650" ind1="1" ind2="4">
    <subfield code="a">Tenencia de la tierra</subfield>
    <subfield code="x">Leyes y legislaci&#xF3;n</subfield>
    <subfield code="z">M&#xE9;xico.</subfield>
    <subfield code="9">130324</subfield>
  </datafield>
  <datafield tag="856" ind1=" " ind2=" ">
    <subfield code="u">http://10.13.5.2/tesis/sist113125.pdf</subfield>
    <subfield code="z">DESCARGAR PDF</subfield>
  </datafield>
  <datafield tag="901" ind1=" " ind2=" ">
    <subfield code="a">BK</subfield>
  </datafield>
  <datafield tag="942" ind1=" " ind2=" ">
    <subfield code="2">Clasificaci&#xF3;n Universidad Aut&#xF3;noma Chapingo</subfield>
    <subfield code="c">TD</subfield>
  </datafield>
  <datafield tag="999" ind1=" " ind2=" ">
    <subfield code="c">109586</subfield>
    <subfield code="d">109586</subfield>
  </datafield>
  <datafield tag="952" ind1=" " ind2=" ">
    <subfield code="0">0</subfield>
    <subfield code="1">0</subfield>
    <subfield code="2">local</subfield>
    <subfield code="4">0</subfield>
    <subfield code="5">1</subfield>
    <subfield code="7">0</subfield>
    <subfield code="8">TesDigM</subfield>
    <subfield code="a">BD</subfield>
    <subfield code="b">BD</subfield>
    <subfield code="c">E_L</subfield>
    <subfield code="d">2017-04-26</subfield>
    <subfield code="l">0</subfield>
    <subfield code="o">Tesis digital</subfield>
    <subfield code="r">2019-12-31 00:00:00</subfield>
    <subfield code="y">TD</subfield>
  </datafield>
</record>
